Statues of the World - Statistics

General Stats
  • This quiz has been taken 49 times
  • The average score is 12 of 15
Answer Stats
Picture Hint Answer % Correct
Christ The Redeemer Brazil
100%
The Sphynx Egypt
100%
The David (Michelangelo) Italy
100%
Statue of Liberty U.S.A.
98%
Terracotta Army China
96%
The Little Mermaid Denmark
91%
Bavaria Germany
85%
Moai Chile
74%
Nike of Samothrace Greece
74%
The Thinker France
67%
Olmec Mexico
65%
The Motherland Calls Russia
65%
Leshan Giant Buddha China
63%
Statue of Unity India
48%
African Renaissance Monument Senegal
39%
No matching quizzes found
Score Distribution
Percent of People with Each Score
Percentile by Number Answered
Your Score History
You have not taken this quiz